[Event "NZ Junior Championship 2017"]
[Site "Auckland NZL"]
[Date "2017.07.12"]
[Round "3"]
[White "Gong, Daniel Hanwen"]
[Black "Picken, Oliver"]
[Result "1-0"]
[WhiteElo "2287"]
[BlackElo "1878"]
[PlyCount "115"]
[EventDate "2017.07.11"]

1. e4 d5 2. exd5 c6 3. dxc6 Nxc6 4. Nf3 e5 5. Bb5 Bd6 6. O-O Bg4 7. h3 Bh5 8.
g4 Bg6 9. d4 e4 10. d5 a6 11. dxc6 axb5 12. cxb7 Rb8 13. Qe2 Kf8 14. Ng5 Qe7
15. Nc3 Nf6 16. Re1 Re8 17. Qxb5 h6 18. Nf3 Bb8 19. Be3 Qc7 20. Qc5+ Kg8 21.
Qxc7 Bxc7 22. Nh4 Nd7 23. Nd5 Bb8 24. Nxg6 fxg6 25. Bd4 g5 26. f3 Ne5 27. Bxe5
Rxe5 28. fxe4 h5 29. gxh5 Rxh5 30. Re3 Ba7 31. Kg2 g4 32. hxg4 Rh4 33. Kg3 g5
34. Rc3 Kg7 35. Rc7+ Kh6 36. Rf1 Re6 37. Rc8 Rxe4 38. Rh8+ Kg7 39. Rxh4 Bb8+
40. Kg2 gxh4 41. Kh3 Be5 42. Nc3 Kg6 43. Rf3 Re1 44. Kxh4 Rh1+ 45. Rh3 Rf1 46.
Nd5 Re1 47. Ne3 Rg1 48. g5 Bf4 49. Rf3 Bxg5+ 50. Kh3 Rh1+ 51. Kg2 Rh8 52. Nc4
Rb8 53. Ne5+ Kg7 54. Rf7+ Kh6 55. Nc6 Rg8 56. b8=Q Kh5 57. Qxg8 Kg4 58. Ne5+
1-0

[Event "NZ Junior Championship 2017"]
[Site "Auckland NZL"]
[Date "2017.07.12"]
[Round "3"]
[White "Ning, Isabelle Yixuan"]
[Black "Fan, Allen Chi Zhou"]
[Result "0-1"]
[WhiteElo "1237"]
[BlackElo "2057"]
[PlyCount "78"]
[EventDate "2017.07.11"]

1. d4 Nf6 2. c4 g6 3. Nc3 Bg7 4. e4 d6 5. Nf3 O-O 6. Be2 e5 7. O-O Nbd7 8. Be3
Ng4 9. Qd2 Nxe3 10. Qxe3 Nf6 11. h3 Nh5 12. dxe5 dxe5 13. Rfd1 Bd7 14. Rd2 f6
15. c5 Qe8 16. Nd5 Rc8 17. Bc4 Kh8 18. Rad1 Be6 19. Bb3 c6 20. Nb4 Nf4 21. Qc3
Bh6 22. Rc2 g5 23. Rd6 Bxh3 24. gxh3 Qh5 25. Be6 Nxh3+ 26. Bxh3 Qxh3 27. Rd3
Qg4+ 28. Kf1 Qxe4 29. Re3 Qf5 30. Nd2 g4 31. Re2 Rcd8 32. a3 a5 33. Na2 Rd3 34.
Qxa5 g3 35. Kg2 Rg8 36. Kf1 g2+ 37. Kg1 Rh3 38. f3 Rh1+ 39. Kf2 g1=Q# 0-1

[Event "NZ Junior Championship 2017"]
[Site "Auckland NZL"]
[Date "2017.07.12"]
[Round "3"]
[White "Ang, Alphaeus Wei Ern"]
[Black "Wang, Aaron Ziwen"]
[Result "1-0"]
[WhiteElo "2005"]
[BlackElo "1602"]
[PlyCount "67"]
[EventDate "2017.07.11"]

1. d4 Nf6 2. c4 g6 3. Nc3 Bg7 4. e4 d6 5. Be2 O-O 6. Be3 e5 7. d5 Na6 8. Nf3
Ng4 9. Bg5 f6 10. Bd2 Nh6 11. O-O c5 12. dxc6 bxc6 13. a3 c5 14. Bxh6 Bxh6 15.
Qd5+ Rf7 16. Qxa8 Nc7 17. Qc6 f5 18. Rfd1 Rf6 19. Qxc5 Qe7 20. Qxa7 Rf7 21. Qb8
Qe8 22. Rxd6 Bf8 23. Rdd1 Na6 24. Qb5 Qe7 25. Nd5 Qa7 26. Nxe5 Rb7 27. Qe8 Qc5
28. b4 Qa7 29. Qxc8 Nc7 30. Nf6+ Kg7 31. Rd7+ Kxf6 32. Qxf8+ Kxe5 33. Qd6+ Kxe4
34. Bf3# 1-0

[Event "NZ Junior Championship 2017"]
[Site "Auckland NZL"]
[Date "2017.07.12"]
[Round "3"]
[White "Meng, Richard"]
[Black "Qin, Nicole Shu Yu"]
[Result "0-1"]
[WhiteElo "1646"]
[BlackElo "1475"]
[PlyCount "116"]
[EventDate "2017.07.11"]

1. c4 e6 2. g3 d5 3. Bg2 c6 4. Nf3 Nf6 5. O-O Nbd7 6. b3 Bd6 7. Bb2 O-O 8. d3
Qe7 9. Nc3 a6 10. Rc1 Ba3 11. Bxa3 Qxa3 12. cxd5 exd5 13. Qd2 Qe7 14. Rfe1 Qd8
15. Nh4 Re8 16. e4 dxe4 17. dxe4 Qc7 18. Nd5 Qb8 19. Nxf6+ Nxf6 20. e5 Ng4 21.
h3 Nh6 22. Qd6 Be6 23. Rcd1 Qa7 24. Rd2 a5 25. Kh2 g6 26. Red1 Qb6 27. Qd4 Qc7
28. Qe3 Kg7 29. Qg5 Ng8 30. Rd6 a4 31. b4 a3 32. R1d3 Qb6 33. f4 h6 34. Nf5+
Bxf5 35. Qh4 Bxd3 36. Rxd3 Rad8 37. Rxd8 Rxd8 38. Qg4 Qf2 39. f5 Qxf5 40. Qe2
Re8 41. Qe3 Ra8 42. Qc3 Kh7 43. Qc4 Qe6 44. Qe2 Ne7 45. Qf2 Nd5 46. Qe1 Ra4 47.
h4 Nxb4 48. Qd1 Ra6 49. Qb1 Nxa2 50. Qxb7 Nb4 51. Bh3 Qc4 52. e6 Qe2+ 53. Kh1
Qf3+ 54. Kh2 Qf2+ 55. Kh1 Ra7 56. e7 Rxb7 57. e8=Q Nd3 58. Bg2 Rb1+ 0-1

[Event "NZ Junior Championship 2017"]
[Site "Auckland NZL"]
[Date "2017.07.12"]
[Round "3"]
[White "Liu, Xinyang"]
[Black "Fu, Tom"]
[Result "1-0"]
[WhiteElo "1511"]
[BlackElo "951"]
[PlyCount "79"]
[EventDate "2017.07.11"]

1. e4 e6 2. d4 c5 3. c3 d5 4. e5 Nc6 5. Nf3 Qb6 6. Be2 Nge7 7. Na3 cxd4 8. cxd4
Nf5 9. Nc2 Bb4+ 10. Kf1 O-O 11. g4 Nh6 12. Bxh6 gxh6 13. Rb1 Be7 14. Qc1 Kg7
15. g5 Rg8 16. Rg1 Kf8 17. gxh6 Rxg1+ 18. Kxg1 f6 19. Qf4 Qc7 20. Ng5 Kg8 21.
Bh5 Nd8 22. Ne4 Nf7 23. Nxf6+ Kh8 24. Bxf7 Qxc2 25. Rf1 Qf5 26. Qg3 Qg6 27.
Bxg6 Bd7 28. Bf7 Bxf6 29. exf6 Rf8 30. Qg7# 1-0

[Event "NZ Junior Championship 2017"]
[Site "Auckland NZL"]
[Date "2017.07.12"]
[Round "3"]
[White "Gao, Hugh"]
[Black "Malton, Isabella"]
[Result "1-0"]
[WhiteElo "1414"]
[BlackElo "1139"]
[PlyCount "79"]
[EventDate "2017.07.11"]

1. e4 e6 2. d4 d5 3. exd5 exd5 4. Nf3 Nc6 5. Nc3 Nf6 6. h3 Bf5 7. Bb5 Bd7 8. a3
a6 9. Ba4 h6 10. Bf4 Be7 11. O-O O-O 12. Re1 Re8 13. Ne5 Nxe5 14. dxe5 Nh7 15.
Bxd7 Qxd7 16. Qxd5 Qxd5 17. Nxd5 Bc5 18. Nxc7 Rad8 19. Nxe8 Rxe8 20. Rad1 Nf8
21. Rd5 Ne6 22. Be3 b6 23. Bxc5 bxc5 24. Rd6 a5 25. Ra6 Rb8 26. Rb1 Rb5 27. a4
Rb4 28. b3 Re4 29. Rxa5 Rxe5 30. Kf1 Rd5 31. Re1 Nf4 32. Re8+ Kh7 33. Re3 Kh8
34. b4 Rd2 35. Rxc5 Rd1+ 36. Re1 Rd4 37. c3 Rd2 38. Rce5 Nd3 39. R5e2 Rxe2 40.
Rxe2 1-0

[Event "NZ Junior Championship 2017"]
[Site "Auckland NZL"]
[Date "2017.07.12"]
[Round "3"]
[White "Ong, Weng Yan"]
[Black "Li, Andrew"]
[Result "0-1"]
[WhiteElo "1158"]
[BlackElo "1388"]
[PlyCount "126"]
[EventDate "2017.07.11"]

1. e4 e5 2. Nf3 Nc6 3. Bb5 a6 4. Ba4 d6 5. d4 b5 6. Bb3 Nxd4 7. Nxd4 exd4 8.
Qxd4 c5 9. Qd5 Be6 10. Qc6+ Bd7 11. Qd5 c4 12. Bxc4 bxc4 13. Qxc4 Nf6 14. Nc3
Be7 15. Bg5 O-O 16. O-O Ng4 17. Bxe7 Qxe7 18. h3 Ne5 19. Nd5 Qg5 20. f4 Qxg2+
21. Kxg2 Nxc4 22. Ne7+ Kh8 23. Nd5 Be6 24. Nc7 Ne3+ 25. Kf2 Nxf1 26. Nxa8 Rxa8
27. Kxf1 Bxh3+ 28. Kf2 g6 29. Rd1 Rc8 30. c3 Rc6 31. Ke3 Be6 32. a3 Kg7 33. e5
dxe5 34. fxe5 h5 35. Rd6 Rxd6 36. exd6 Kf8 37. Kd4 Ke8 38. c4 h4 39. Ke4 Bxc4
40. Kf3 h3 41. Kg3 Be6 42. b4 Kd7 43. a4 Kxd6 44. b5 axb5 45. axb5 Kc5 46. b6
Kxb6 47. Kf2 g5 48. Kg3 g4 49. Kh2 Kc5 50. Kg3 Kd4 51. Kh2 Ke4 52. Kg1 Kf3 53.
Kh2 Bd5 54. Kh1 Kg3+ 55. Kg1 h2+ 56. Kf1 h1=Q+ 57. Ke2 Qf3+ 58. Kd2 Kf4 59. Kc2
Ke4 60. Kd2 Qd3+ 61. Ke1 Qc2 62. Kf1 Ke3 63. Kg1 Qg2# 0-1

[Event "NZ Junior Championship 2017"]
[Site "Auckland NZL"]
[Date "2017.07.12"]
[Round "3"]
[White "Liu, John"]
[Black "Hu, Erica Yue"]
[Result "0-1"]
[WhiteElo "1385"]
[BlackElo "930"]
[PlyCount "68"]
[EventDate "2017.07.11"]

1. e4 e6 2. d4 d5 3. e5 c5 4. c3 Nc6 5. Nf3 Bd7 6. Be2 Qc7 7. O-O O-O-O 8. a3
f6 9. exf6 gxf6 10. dxc5 Bxc5 11. b4 Bd6 12. Be3 Bf4 13. b5 Bxe3 14. fxe3 Ne5
15. Nbd2 Qc5 16. Nxe5 Qxe3+ 17. Kh1 Qxe5 18. Nf3 Qd6 19. Qd4 b6 20. Qa4 Kb8 21.
Qb3 e5 22. a4 Be6 23. Rfd1 Nh6 24. Qb2 e4 25. Nd2 Bg4 26. Nxe4 Qe5 27. Ng3 Rhe8
28. Bf3 Bxf3 29. gxf3 Qf4 30. Kg2 Re3 31. Rf1 Nf5 32. Nxf5 Qxf5 33. f4 Rg8+ 34.
Kh1 Qe4+ 0-1